Регионална библиотека "Любен Каравелов" - Русе

Плевели (Запис номер 379761)

MARC детайли
000 -Лидер
Контролно поле с фиксирана дължина nam a22 a 4500
003 - Код на организацията, давaща контролен номер
Контролно поле BLK
005 - Дата и час на последна редакция
Контролно поле 20200806084925.0
008 - Елементи от данни с фиксирана дължина
fixed length control field 2008 b bul|||||r ||||||| ||bul||
040 ## - Източник на каталожния запис
Идентификатор на билиотеката - собственик на записа BLK
041 ## - Код за език
Код за езика на текст/звукозапис или на отделно заглавие Български
Код за езика КДБФ Български
080 ## - УДК
Текстов определител УДК Българска литература
УДК код - определител по УДК 821.163.2
УДК определител -2
УДК - код + определител 821.163.2-2
100 ## - Редна дума - Автор
Автор Кръстев, Кръстьо Котев
Авторска отговорност Първи автор
R(LIN) 373662
139 ## - Редно поле
Редна дума Кръстев, Кръстьо Котев
245 10 - Сведения за заглавието
Заглавие Плевели
Подзаглавни данни Пиеса в 2 д.
Редно поле (дума) Кръстю Кръстев
257 ## - Страна на издаване
Страна на създаване/издаване България
260 ## - Област на издателските данни
Място на издаване, разпространение и проч. София
Име на издателя, разпространителя и проч. ЦДНА
Година на издаване 1965
300 ## - Физическа характеристика
Страници 40 с.
Размери/Мащаб 18 см
380 ## - Жанр
Жанр Худож. лит.
490 ## - СЕРИИ (Колекции)
Име на серия Библиотека Армейска театрална самодейност
№: серия 9
9 (RLIN) 204898
500 ## - Общи забележки
Забележка Изд. на ЦДНА. Репертоарно-метод. кабинет.
852 ## - Местоположение
Форматна сигнатура Цб І 7629
Фондова буква Хранилище
999 ## - СИСТЕМНИ КОНТРОЛНИ НОМЕРА
Koha biblionumber 379761
Koha biblioitemnumber 379761
942 ## - АРТИКУЛИ
Вид на библиотечния материал Книги
Скрит в OPAC Не
Периодичен библиозапис Да
944 ## - СЪЗДАВАНЕ И РЕДАКЦИЯ на ЗАПИСА
Създаване/Редакция Създаване
Дата на регистрацията/редакция 2020-08-06
Служител, извършил регистрацията/редакцията ГГГ
Наличности
Код за отписване Код за изгубен артикул Източник на класификационната схема Код за повреда Коз за рестрикции Код за отдаване Артикулен № Име на библиотеката - собственик Име на библиотеката, в която се намира в момента Статус (Текущо местоположение) Дата на вписване в системата Местоположение - отдел Цена в лева Инвентарен номер Систематично азбучна сигнатура Баркод Цена в евро Служебен тип на артикула
  Не е изгубен Universal Decimal Classification Не е повреден само за читалня ползва се в читалня 790198 Регионална библиотека "Любен Каравелов" Русе Регионална библиотека "Любен Каравелов" Русе Хранилище 2020-08-13 Хранилище 0.08 10082/65 Цб І 7629 900000028879 0.04 Книги
Vip Innovations Ltd, Rousse, Bulgaria 2025